| 000 | 01153cam a2200277 i 4500 | ||
|---|---|---|---|
| 003 | SA-RiAUC | ||
| 005 | 20241014065843.0 | ||
| 008 | 241013s1982 ua g 00000dara c | ||
| 040 |
_aSA-AhKFU _bara _cSA-RiAUC _erda |
||
| 043 | _aa-su--- | ||
| 082 | 0 | 4 | _a810.9 |
| 090 |
_a810.9 _bم ش خ |
||
| 100 | 1 |
_aمشخص، عبد الحميد غازي، _d1334 هجري- _eمؤلف. |
|
| 245 | 1 | 0 |
_aدراسات فكرية : _bالعواد أبعاد وملامح / _cإعداد عبد الحميد مشخص، محمد سعيد باعشن. |
| 264 | 1 |
_aالقاهرة : _bدار الجيل للطباعة، _c1982 |
|
| 300 |
_a343 صفحة ؛ _c24 سم |
||
| 336 |
_aنص _btxt _2rdacontent _3كتاب |
||
| 337 |
_aبدون وسيط _bn _2rdamedia |
||
| 338 |
_aمجلد _bnc _2rdacarrier |
||
| 600 | 1 | 7 |
_aعواد، محمد حسن قاسم، _d1902-1980 _2aucnm |
| 650 | 7 |
_aالأدب العربي _zالسعودية _xتاريخ ونقد _yقرن 14 هجري _2aucsh |
|
| 700 | 1 |
_aباعشن، محمد سعيد مصطفى، _d1353-1415 هجري _eمؤلف. |
|
| 942 |
_2ddc _cBOOK _n0 |
||
| 949 |
_aSA-JeALM _d241013 _umohamedma123 _n1 |
||
| 999 |
_c1283 _d1283 |
||